| 000 | 00867nam a2200241 a 4500 | ||
|---|---|---|---|
| 001 | 64254 | ||
| 003 | BD-RJUL | ||
| 005 | 20211209081303.0 | ||
| 008 | 170212s1972 cau b 001 0 eng d | ||
| 020 | _a0804701520 | ||
| 035 | _a(BD-RJUL) 64384 | ||
| 040 |
_aBD-RJUL _cBD-RJUL _dBD-RJUL _beng |
||
| 041 | _aeng | ||
| 082 |
_223 _a940.5337 _bWAD 1972 |
||
| 100 | 1 |
_aWarmbrunn, Werner, _d1920- _9190819 |
|
| 245 | 1 | 4 |
_aThe Dutch under German occupation, 1940-1945 / _cWerner Warmbrunn. |
| 260 |
_aStanford, Calif. ; _bStanford University Press ; _aLondon : _bOxford University Press, _cc1963 [Reprinted 1972]. |
||
| 300 |
_axiii, 338 p. : _bill. ; _c24 cm. |
||
| 504 | _aIncludes index and bibliographical references . | ||
| 650 | 0 |
_aWorld War, 1939-1945 _zNetherlands. _9190820 |
|
| 651 | 0 |
_aNetherlands _xHistory _yGerman occupation, 1940-1945. _9190821 |
|
| 942 |
_2ddc _cBK |
||
| 999 |
_c64254 _d64254 |
||